000 00386nam a2200145Ia 4500
008 240624s9999 xx 000 0 und d
041 _aeng
082 _a519.5 LEV
100 _aLEVINE DAVID
245 _aSTATISTICS FOR MANAGERS USING MICROSOFT
250 _a(4th ed.)
260 _c2006
_aNew Delhi
_bPrentice-Hall of India
300 _axxii, : 886 : p. : cm. ; 27
365 _cRS
_b40
999 _c5598
_d5598